Statistics for The 1975 - Me Lyrics

Click here to take the quiz!

General Stats

  • This quiz has been taken 27 times
  • The average score is 154 of 167

Answer Stats

Answer% Correct
a
100%
Don't
100%
I
100%
love
100%
mind?
100%
my
100%
Oh
100%
think
100%
was
100%
you
100%
as
92%
bout
92%
but
92%
But
92%
in
92%
killing
92%
myself
92%
of
92%
thinking
92%
to
92%
well
92%
arrived
85%
brother
85%
can
85%
did
85%
die
85%
family
85%
got
85%
I'm
85%
killed
85%
late
85%
like
85%
middle
85%
mother
85%
nearly
85%
night
85%
plane
85%
somebody
85%
something
85%
terrible
85%
the
85%
watching
85%
your
85%
And
77%
and
77%
attack
77%
back
77%
be
77%
body
77%
And
77%
face
77%
gave
77%
getting
77%
give
77%
heart
77%
hell
77%
high
77%
I'd
77%
never
77%
put
77%
rather
77%
sorry
77%
Than
77%
through
77%
Exaggerate
62%
hurt
62%
seen
62%
You've
62%

Score Distribution

Percentile by Number Answered

Percent of People with Each Score

Your Score History

You have not taken this quiz